000 00256nam a2200109 a 4500
005 20140414132053.0
008 110714s19uu xx 00 eng d
050 _aER
_bC43
245 _aChicken Licken.
260 _aNew Delhi :
_bSterling.
999 _c114246
_d114246